000 00215 a2200097 4500
001 18468
100 _aWellhansen J
245 _aArab kingdom and its fall
260 _a
_bcurzon press
_c1973
090 _c13705
_d13705
942 _aNUST-CAE
_cM
_c4120
999 _c253541
_d253541